Screening school children for visual defects; (Record no. 90954)
[ view plain ]
| 000 -LEADER | |
|---|---|
| fixed length control field | 00892cam a22002531 4500 |
| 001 - CONTROL NUMBER | |
| control field | ss 54000014 |
| 003 - CONTROL NUMBER IDENTIFIER | |
| control field | DLC |
| 005 - DATE AND TIME OF LATEST TRANSACTION | |
| control field | 20260227112752.0 |
| 008 - FIXED-LENGTH DATA ELEMENTS--GENERAL INFORMATION | |
| fixed length control field | 800610s1954 dcua 000 0 eng c |
| 010 ## - LIBRARY OF CONGRESS CONTROL NUMBER | |
| LC control number | ss 54000014 |
| 035 ## - SYSTEM CONTROL NUMBER | |
| System control number | (OCoLC)6403952 |
| 040 ## - CATALOGING SOURCE | |
| Original cataloging agency | U.S. Social Security |
| Transcribing agency | MnWinoS |
| Modifying agency | OCoLC |
| -- | DLC |
| 042 ## - AUTHENTICATION CODE | |
| Authentication code | premarc |
| 050 00 - LIBRARY OF CONGRESS CALL NUMBER | |
| Classification number | LB3451 |
| Item number | .C8 |
| 082 ## - DEWEY DECIMAL CLASSIFICATION NUMBER | |
| Classification number | 371.71 |
| -- | 371.72 |
| 100 1# - MAIN ENTRY--PERSONAL NAME | |
| Personal name | Crane, Marian Minor, |
| Dates associated with a name | 1896- |
| 245 10 - TITLE STATEMENT | |
| Title | Screening school children for visual defects; |
| Remainder of title | report of a study conducted in St. Louis, Missouri, 1948-49 |
| Statement of responsibility, etc. | [by] Marian M. Crane [and others] with the assistance of Bronson Price. |
| 260 ## - PUBLICATION, DISTRIBUTION, ETC. | |
| Place of publication, distribution, etc. | [Washington, |
| Name of publisher, distributor, etc. | U.S. Govt. Print. Off., |
| Date of publication, distribution, etc. | 1954] |
| 300 ## - PHYSICAL DESCRIPTION | |
| Extent | 92 p. |
| Other physical details | tables. |
| Dimensions | 23 cm. |
| 410 10 - SERIES STATEMENT/ADDED ENTRY--CORPORATE NAME [OBSOLETE, CAN/MARC], [LOCAL, USA] | |
| Corporate name or jurisdiction name as entry element | United States. |
| Subordinate unit | Children's Bureau. |
| Title of a work | Publication, |
| Volume number/sequential designation | no. 345 |
| 650 #0 - SUBJECT ADDED ENTRY--TOPICAL TERM | |
| Topical term or geographic name entry element | Eye |
| General subdivision | Examination. |
| 650 #0 - SUBJECT ADDED ENTRY--TOPICAL TERM | |
| Topical term or geographic name entry element | School children. |
| 740 0# - ADDED ENTRY--UNCONTROLLED RELATED/ANALYTICAL TITLE | |
| Uncontrolled related/analytical title | Visual defects. |
No items available.